Dimitri Vegas & Like Mike Charting Songs (BB Hot Dance) - Statistics

General Stats
  • This quiz has been taken 20 times
    7 since last reset
  • The average score is 7 of 13
Answer Stats
Album Weeks On Peak Artist(s) Song % Correct
Non-Album Single 22 Weeks #12 Dimitri Vegas & Like Mike x Tiesto x W&W & Dido Thank You (Not So Bad)
100%
Gold Skies EP 19 Weeks #39 Dimitri Vegas & Like Mike & Martin Garrix Tremor (Sensation 2014 Anthem)
86%
Non-Album Single 19 Weeks #23 Dimitri Vegas & Like Mike, David Guetta, Daddy Yankee, Afro Bros & Natti Natasha Instagram
71%
Non-Album Single 20 Weeks #22 Dimitri Vegas & Like Mike vs. David Guetta ft. Kiiara Complicated
57%
Non-Album Single 1 Week #40 Dimitri Vegas, MOGUAI & Like Mike Mammoth
57%
Non-Album Single 1 Week #38 Dimitri Vegas & Like Mike, David Guetta & Afro Bros with Akon She Knows
57%
Non-Album Single 7 Weeks #39 Dimitri Vegas & Like Mike vs. Ummet Ozcan The Hum
57%
Non-Album Single 1 Week #45 Dimitri Vegas & Like Mike & Paris Hilton B.F.A. (Best Friend's Ass)
43%
Non-Album Single 12 Weeks #30 Dimitri Vegas & Like Mike vs. Diplo ft. Deb's Daughter Hey Baby
43%
Non-Album Single 20 Weeks #18 Dimitri Vegas & Like Mike ft. Ne-Yo Higher Place
43%
Non-Album Single 13 Weeks #26 Dimitri Vegas & Like Mike & Era Istrefi Selfish
43%
Non-Album Single 3 Weeks #35 Dimitri Vegas & Like Mike VS. Regard Say My Name
29%
Non-Album Single 3 Weeks #36 Dimitri Vegas x David Guetta & Nicole Scherzinger x Azteck The Drop
29%
No matching quizzes found
Score Distribution
Percent of People with Each Score
Percentile by Number Answered
Your Score History
You have not taken this quiz since the last reset